Sant Jordi 1976
Descripción Física:
[6] p. ; 19 cm
Materias:
Escola Superior de Dansa i Coreografía
MARC
| LEADER | 00000nam a2200000Ia 4500 | ||
|---|---|---|---|
| 001 | 19318 | ||
| 003 | BGR | ||
| 005 | 20260324180144.0 | ||
| 008 | 160829s9999 xx 000 0 cat d | ||
| 080 | |a FU-3-59 | ||
| 245 | |a Sant Jordi 1976 | ||
| 260 | |a Barcelona : |b Diputació Provincial de Barcelona, [1976] | ||
| 300 | |a [6] p. ; |c 19 cm | ||
| 590 | |a Prové de S-320. | ||
| 590 | |a És el programa de la festa dut a terme per l'Escola Superior de Dansa i Coreografía de l'Institut del Teatre de la Diputació Provincial de Barcelona | ||
| 650 | |a Escola Superior de Dansa i Coreografía |9 47989 | ||
| 710 | 1 | |a Barcelona (Catalunya : Província). |b Diputació |9 52408 | |
| 710 | 1 | |a Escola Superior de Dansa i Coreografia |9 70808 | |
| 901 | |a Arxiu | ||
| 942 | |n 1 |2 udc |c MON | ||
| 952 | |0 0 |1 0 |4 0 |6 FU359 |7 1 |9 54258 |a Arxiu |b Arxiu |d 2016-12-01 |l 0 |o FU-3-59 |p 19318 |r 2016-12-01 00:00:00 |w 2016-12-01 |y ARXIU | ||
| 999 | |c 58127 |d 58127 | ||